00501 a2200157 450000500170000001000150001702000300003203500140006203700130007608200190008910000180010824500480012626000540017427000800022830000350030820220221122753.0 aENG-130431 a978-93-5388-768-1c595.00 aEN-113963 bDBAD/PUB a658.8002854b1 aKumar, Dinesh aMarketing in the Digital Age/cDinesh Kumar aNew DelhibSage Publications India Pvt Ltd.c2021 aB-I/I-I, Mohan Cooperative Industrial Area, Mathura RoadbNew Delhie110044 axxxi, 342p.c22cm (pbk)bIndex